[Event "CRO-chT U20 18th"]
[Site "Sv Filip i Jakov"]
[Date "2009.04.15"]
[Round "4"]
[White "Sagi, Franko"]
[Black "Mravic, Filip"]
[Result "1/2-1/2"]
[WhiteElo "2044"]
[BlackElo "1808"]
[PlyCount "114"]
[EventDate "2009.04.14"]
[EventType "team-tourn"]
[EventRounds "11"]
[EventCountry "CRO"]
[SourceTitle "CBM 129 Extra"]
[Source "ChessBase"]
[SourceDate "2009.05.05"]
[SourceVersion "2"]
[SourceVersionDate "2009.05.20"]
[SourceQuality "1"]

1. e4 e5 2. Bc4 Nf6 3. Nc3 Nc6 4. Nf3 Bc5 5. d3 h6 6. a3 d6 7. Be3 Bb6 8. Qd2 Be6 9. Nd5 Bxd5 10. Bxd5 Nxd5 11. exd5 Ne7 12. c4 c6 13. dxc6 bxc6 14. c5 Bc7 15. cxd6 Qxd6 16. d4 e4 17. Ne5 Qe6 18. Qc3 Bxe5 19. dxe5 Nd5 20. Qc4 Nxe3 21. Qxe6+ fxe6 22. fxe3 Rb8 23. b4 Rb5 24. Rc1 Rxe5 25. Rxc6 Kd7 26. Ra6 Ra8 27. 0-0 Ke7 28. Rc1 Kd7 29. Rac6 Rd5 30. Rc7+ Kd6 31. R1c6+ Ke5 32. Re7 Rd3 33. Rcxe6+ Kf5 34. Rxe4 Rxa3 35. Rf4+ Kg6 36. Rg4+ Kf5 37. Rgxg7 a5 38. bxa5 R8xa5 39. Kf2 Kf6 40. Rgf7+ Kg6 41. Rf4 Ra2+ 42. Kf3 Rg5 43. g3 Rxh2 44. Ref7 Rh3 45. R4f6+ Kh5 46. Rf5 Rhxg3+ 47. Kf4 Rxf5+ 48. Rxf5+ Kg6 49. Ra5 Rg1 50. Ra6+ Kg7 51. e4 h5 52. Kf5 Rf1+ 53. Kg5 Re1 54. Ra7+ Kf8 55. Kf5 h4 56. Rh7 Rh1 57. Kg4 Re1 1/2-1/2

[Event "CRO-chT U20 17th"]
[Site "Sv Filip i Jakov"]
[Date "2008.03.30"]
[Round "11"]
[White "Sagi, Franko"]
[Black "Patarcic, Domagoj"]
[Result "1/2-1/2"]
[WhiteElo "2038"]
[BlackElo "1992"]
[PlyCount "44"]
[EventDate "2008.03.25"]
[EventType "team-tourn"]
[EventRounds "11"]
[EventCountry "CRO"]
[SourceTitle "EXT 2010"]
[Source "ChessBase"]
[SourceDate "2010.11.25"]
[SourceVersion "1"]
[SourceVersionDate "2010.11.25"]
[SourceQuality "1"]

1. e4 e6 2. d4 d5 3. exd5 exd5 4. Bd3 Bd6 5. Ne2 Nf6 6. 0-0 0-0 7. Bf4 b6 8. c3 Ba6 9. Bxa6 Nxa6 10. Bxd6 Qxd6 11. Nd2 c5 12. Nf3 Nc7 13. Ng3 Ne4 14. dxc5 Qxc5 15. Nd4 Nxg3 16. hxg3 Ne6 17. Re1 Nxd4 18. Qxd4 Qxd4 19. cxd4 Rfe8 20. Rac1 Rxe1+ 21. Rxe1 Kf8 22. Rc1 Re8 1/2-1/2

[Event "CRO-chT U20 17th"]
[Site "Sv Filip i Jakov"]
[Date "2008.03.29"]
[Round "9"]
[White "Sagi, Franko"]
[Black "Runjic, Bartul"]
[Result "1-0"]
[WhiteElo "2038"]
[BlackElo "1800"]
[PlyCount "43"]
[EventDate "2008.03.25"]
[EventType "team-tourn"]
[EventRounds "11"]
[EventCountry "CRO"]
[SourceTitle "EXT 2010"]
[Source "ChessBase"]
[SourceDate "2010.11.25"]
[SourceVersion "1"]
[SourceVersionDate "2010.11.25"]
[SourceQuality "1"]

1. e4 c5 2. Nf3 Nc6 3. d4 cxd4 4. Nxd4 e5 5. Nb3 Nf6 6. N1d2 d6 7. Bc4 Be7 8. 0-0 0-0 9. Re1 Qc7 10. Nf1 Nb4 11. Ne3 Nxe4 12. a3 Be6 13. Bxe6 fxe6 14. f3 Ng5 15. axb4 d5 16. Ng4 e4 17. Bxg5 Bxg5 18. fxe4 Qb6+ 19. Qd4 Qxd4+ 20. Nxd4 h5 21. Nxe6 hxg4 22. Nxg5 1-0

[Event "CRO-chT U20 17th"]
[Site "Sv Filip i Jakov"]
[Date "2008.03.28"]
[Round "8"]
[White "Ivekovic, Zvonimir"]
[Black "Sagi, Franko"]
[Result "1-0"]
[WhiteElo "2127"]
[BlackElo "2038"]
[PlyCount "63"]
[EventDate "2008.03.25"]
[EventType "team-tourn"]
[EventRounds "11"]
[EventCountry "CRO"]
[SourceTitle "EXT 2010"]
[Source "ChessBase"]
[SourceDate "2010.11.25"]
[SourceVersion "1"]
[SourceVersionDate "2010.11.25"]
[SourceQuality "1"]

1. e4 e6 2. d4 d5 3. Nc3 dxe4 4. Nxe4 Bd7 5. Nf3 Bc6 6. Bd3 Nd7 7. Bd2 Ngf6 8. Qe2 Nxe4 9. Bxe4 Bxe4 10. Qxe4 c6 11. 0-0 Be7 12. c4 0-0 13. Bc3 Nf6 14. Qc2 Bd6 15. Rad1 Nh5 16. g3 g6 17. d5 exd5 18. cxd5 c5 19. Rfe1 Re8 20. Qd2 Qd7 21. Ne5 Bxe5 22. Rxe5 Rxe5 23. Bxe5 f6 24. Bc3 Qd6 25. Re1 Ng7 26. b4 Re8 27. Rxe8+ Nxe8 28. bxc5 Qxc5 29. Bb4 Qb5 30. Qe3 Qd7 31. Qc5 Qf7 32. Qc8 1-0

[Event "CRO-chT U20 16th"]
[Site "Sv Filip i Jakov"]
[Date "2007.04.14"]
[Round "9"]
[White "Sagi, Franko"]
[Black "Ivekovic, Zvonimir"]
[Result "1/2-1/2"]
[WhiteElo "2043"]
[BlackElo "2085"]
[PlyCount "39"]
[EventDate "2007.04.10"]
[EventType "team-tourn"]
[EventRounds "11"]
[EventCountry "CRO"]
[SourceTitle "EXT 2010"]
[Source "ChessBase"]
[SourceDate "2010.11.25"]
[SourceVersion "1"]
[SourceVersionDate "2010.11.25"]
[SourceQuality "1"]

1. e4 c5 2. Nf3 d6 3. d4 cxd4 4. Nxd4 Nf6 5. Nc3 a6 6. Be3 e5 7. Nb3 Be6 8. Be2 Be7 9. 0-0 0-0 10. Kh1 d5 11. exd5 Nxd5 12. Nxd5 Bxd5 13. c4 Bc6 14. Qxd8 Rxd8 15. Na5 f5 16. Rad1 Nd7 17. Nxc6 bxc6 18. Bd3 f4 19. Bc1 Nc5 20. Bc2 1/2-1/2

[Event "Bosnjaci op 9th"]
[Site "Bosnjaci"]
[Date "2003.01.03"]
[Round "1"]
[White "Sagi, Franko"]
[Black "Delchev, Aleksander"]
[Result "0-1"]
[WhiteElo "2038"]
[BlackElo "2583"]
[PlyCount "50"]
[EventDate "2003.01.03"]
[EventType "swiss"]
[EventRounds "7"]
[EventCountry "CRO"]
[SourceTitle "EXT 2004"]
[Source "ChessBase"]
[SourceDate "2003.11.25"]
[SourceVersion "1"]
[SourceVersionDate "2003.11.25"]
[SourceQuality "1"]

1. c4 Nf6 2. Nc3 e5 3. e4 Bc5 4. Be2 d6 5. Nf3 Bg4 6. 0-0 Bxf3 7. Bxf3 Nc6 8. d3 Nd4 9. Be3 0-0 10. g3 a6 11. Bxd4 Bxd4 12. Qd2 c6 13. Ne2 Ba7 14. Rfd1 Re8 15. Re1 a5 16. g4 Nd7 17. Ng3 Nf8 18. g5 Ne6 19. h4 f6 20. Kh2 fxg5 21. Rg1 Rf8 22. Nf5 g6 23. Bg4 gxf5 24. Bxf5 Kh8 25. hxg5 Nd4 0-1

[Event "Zadar op"]
[Site "Zadar"]
[Date "2002.12.14"]
[Round "1"]
[White "Jovanic, Ognjen"]
[Black "Sagi, Franko"]
[Result "1-0"]
[WhiteElo "2432"]
[BlackElo "2043"]
[PlyCount "63"]
[EventDate "2002.12.14"]
[EventType "swiss"]
[EventRounds "9"]
[EventCountry "CRO"]
[SourceTitle "CBM 091 Extra"]
[Source "ChessBase"]
[SourceDate "2003.01.09"]
[SourceVersion "1"]
[SourceVersionDate "2003.01.09"]
[SourceQuality "1"]

1. d4 d5 2. c4 e6 3. Nc3 Nf6 4. Bg5 Be7 5. e3 0-0 6. Qc2 Nbd7 7. cxd5 exd5 8. Bd3 Re8 9. Nge2 c6 10. 0-0 Nf8 11. f3 h6 12. Bh4 Ne6 13. Rad1 Qb6 14. Bf2 Bb4 15. a3 Bxc3 16. Nxc3 Bd7 17. Qd2 c5 18. dxc5 Nxc5 19. Bb1 Rad8 20. b4 Ne6 21. e4 d4 22. Nd5 Nxd5 23. exd5 Nc7 24. Bxd4 Qd6 25. Bc5 Qa6 26. Qc2 f5 27. d6 Ba4 28. Qxf5 Ne6 29. Qh7+ Kf7 30. Qg6+ Kg8 31. Qh7+ Kf7 32. Rd5 1-0

[Event "CRO-chTA U18"]
[Site "Pula"]
[Date "2002.09.18"]
[Round "?"]
[White "Sagi, Franko"]
[Black "Sertic, Rudolf"]
[Result "0-1"]
[WhiteElo "2043"]
[BlackElo "2175"]
[PlyCount "90"]
[EventDate "2002.09.16"]
[EventType "team-tourn"]
[EventRounds "8"]
[EventCountry "CRO"]
[SourceTitle "CBM 090 Extra"]
[Source "ChessBase"]
[SourceDate "2002.11.07"]
[SourceVersion "1"]
[SourceVersionDate "2002.11.07"]
[SourceQuality "1"]

1. c4 Nf6 2. d4 c5 3. Nf3 cxd4 4. Nxd4 e5 5. Nb3 h6 6. Nc3 Nc6 7. e4 Bb4 8. Bd3 0-0 9. 0-0 Ne7 10. Nd5 Nfxd5 11. cxd5 d6 12. f4 exf4 13. a3 Ba5 14. Bxf4 Bb6+ 15. Kh1 Ng6 16. Qf3 Qe7 17. Qg3 Nxf4 18. Rxf4 Qe5 19. Rb1 Bd8 20. Rf3 Qxg3 21. Rxg3 Bg5 22. Nd4 g6 23. Rf1 a6 24. b4 b5 25. h3 Bh4 26. Rgf3 Bd7 27. Bb1 Rac8 28. Ba2 Kg7 29. Kh2 Bg5 30. Nc6 Rce8 31. Re1 f5 32. Nd4 Re5 33. Bb1 Bf6 34. Rfe3 Rfe8 35. Nf3 R5e7 36. g3 fxe4 37. Nd2 Bd4 38. Rxe4 Rxe4 39. Nxe4 Bf5 40. Rd1 Bxe4 41. Re1 Bb2 42. Bxe4 Bxa3 43. Ra1 Bxb4 44. Bd3 Re3 45. Bf1 Re1 0-1